000 00340nam a2200133Ia 4500
008 240624s9999 xx 000 0 und d
041 _aeng
082 _a516 COU
100 _aCOURANT RICHARD
245 _aINTRODUCTION TO CALCULUS AND ANALYSIS II
260 _c2000
_bSpringer
300 _axxiii, : 954 : p. : cm. ; 26
365 _cRS
_b30
999 _c25602
_d25602